| 000 | 00645nam a22002057a 4500 | ||
|---|---|---|---|
| 005 | 20230803120316.0 | ||
| 008 | 230512b sa ||||| |||| 00| 0 zul d | ||
| 020 | _a9781920480813 | ||
| 040 |
_c[RDA] _aPaperback |
||
| 082 | _aZUL JF BEHA | ||
| 100 |
_aBeharilal, Manichand _9442 |
||
| 245 | _au-Ayanda umelana nokuchukuluzwa / | ||
| 260 |
_aZakariyya Park: _bMBLS Publishing, _c2015. |
||
| 300 |
_a23 pages _bpaperback, black and white illustrations _c21cm |
||
| 521 | _btitle on the book | ||
| 700 |
_aKnox, Benoit _eillustrator _9130438 |
||
| 942 |
_xPatrick Mahlalela _w378 _y162 _zElsie Maluleke |
||
| 942 | _2ddc | ||
| 942 |
_2ddc _cBOOK |
||
| 999 |
_c752256 _d752255 |
||